Why i am not a hindu: sudra critique of hindustana philosophy culture and political economy. (Record no. 172818)
[ view plain ]
| 000 -LEADER | |
|---|---|
| fixed length control field | 00604nam a2200181Ia 4500 |
| 003 - CONTROL NUMBER IDENTIFIER | |
| control field | OSt |
| 005 - DATE AND TIME OF LATEST TRANSACTION | |
| control field | 20230524134050.0 |
| 008 - FIXED-LENGTH DATA ELEMENTS--GENERAL INFORMATION | |
| fixed length control field | 210423s2001 xx 000 0 und d |
| 040 ## - CATALOGING SOURCE | |
| Transcribing agency | AL |
| 041 ## - LANGUAGE CODE | |
| Language code of text/sound track or separate title | eng |
| 082 ## - DEWEY DECIMAL CLASSIFICATION NUMBER | |
| Classification number | 294.3 |
| Edition number | 23 |
| Item number | ILAW |
| 100 ## - MAIN ENTRY--PERSONAL NAME | |
| Personal name | ILAIAH (Kancha). |
| 9 (RLIN) | 112431 |
| 245 ## - TITLE STATEMENT | |
| Title | Why i am not a hindu: sudra critique of hindustana philosophy culture and political economy. |
| 260 ## - PUBLICATION, DISTRIBUTION, ETC. | |
| Place of publication, distribution, etc. | Kolkatta |
| Name of publisher, distributor, etc. | Sahitya Bhawan Publications |
| Date of publication, distribution, etc. | 2001 |
| 365 ## - TRADE PRICE | |
| Price amount | 140 |
| Currency code | INR |
| 906 ## - LOCAL DATA ELEMENT F, LDF (RLIN) | |
| a | am ; critique ; culture ; economy. ; hindu: ; hindustana ; not ; philosophy ; political ; sudra ; Why |
| 942 ## - ADDED ENTRY ELEMENTS (KOHA) | |
| Source of classification or shelving scheme | Dewey Decimal Classification |
| Koha item type | Book |
| Withdrawn status | Lost status | Damaged status | Not for loan | Collection code | Home library | Current library | Date acquired | Cost, normal purchase price | Total Checkouts | Full call number | Barcode | Date last seen | Price effective from | Koha item type |
|---|---|---|---|---|---|---|---|---|---|---|---|---|---|---|
| MSW | St Aloysius PG Library | St Aloysius PG Library | 05/20/2002 | 140.00 | 294.3 ILAW | PG019384 | 08/24/2022 | 04/26/2021 | Book |